000 01014nam a22002537c 4500
001 000030529
003 RuMoIPM
005 20260512111523.0
008 240221b1965 ru ||||| |||| 00| 0 rus d
035 _a(RuMoBEN) 002231171
040 _aRuMoBEN
_brus
_ercr
041 _arus
_hpol
044 _aru
080 _a510.6(07)
080 _a510.3(07)
100 _aСлупецкий, Ежи
245 _aЭлементы математической логики и теория множеств
_cЕ. Слупецкий, Л. Борковский ; [пер. с польск. О. Ф. Серебрянникова ; спецред. И. Н. Коваленко]
260 _aМосква
_bПрогресс
_c1965
300 _a367, [1] с.
500 _aПер. изд.: Elementy logiki matematycznej i teorii mnogosci / Jerzy Slupecki. Warszawa : Panst. wydaw. nauk., 1963
504 _aБиблиогр. в подстроч. примеч.
700 1 _aБорковский, Людвик
942 _cBK
999 _c30529
_d30529